Statistiques concernant Pays par images satellites n°5

Cliquez ici pour prendre le quiz!

Statistiques générales

  • Ce quiz a été pris 2,621 fois
  • Le résultat moyen est 10 sur 16

Statistiques - réponses

Answer % Correct
Japon
97%
Grèce
93%
Canada
92%
Madagascar
91%
Indonésie
88%
Yémen
77%
Maroc
75%
Sri Lanka
74%
Thaïlande
69%
Pérou
53%
Venezuela
49%
Malte
39%
Timor oriental
34%
Namibie
34%
Vanuatu
23%
Belize
12%

Distribution des résultats

Percentile by Number Answered

% des personnes avec chaque résultat

Votre développement - résultats

Vous n’avez pas pris ce quiz